00845nam a2200217Ia 4500008004100000082001500041100001600056245003100072250000800103260003400111300001200145500002400157650001500181700003100196942000700227952009400234952009400328952009400422952009400516999001700610230524s9999 xx 000 0 und d a574.2bKUM aVinay Kumar 0aPathology Basic of Disease a7TH aNEW DELHIbElsevier Pubc2005 aXV;1449 aQuantity Number: 4 aBiomedical a" Abul K.Abbas , et.al,,," cBK 00104070aTATCLbTATCLcGENd2023-05-24l0o574.2 KUMp9041r2023-05-24w2023-05-24yBK 00104070aTATCLbTATCLcGENd2023-05-24l0o574.2 KUMp9042r2023-05-24w2023-05-24yBK 00104070aTATCLbTATCLcGENd2023-05-24l0o574.2 KUMp9279r2023-05-24w2023-05-24yBK 00104070aTATCLbTATCLcGENd2023-05-24l0o574.2 KUMp9280r2023-05-24w2023-05-24yBK c33536d33536